Dirección y gestión de la producción : (Registro nro. 22469)
[ vista simple ]
| 000 -LEADER | |
|---|---|
| fixed length control field | 02443nam a22002297a 4500 |
| 003 - CONTROL NUMBER IDENTIFIER | |
| control field | DO-CoUTE |
| 005 - DATE AND TIME OF LATEST TRANSACTION | |
| control field | 20230323091358.0 |
| 008 - FIXED-LENGTH DATA ELEMENTS--GENERAL INFORMATION | |
| fixed length control field | 230323b dr ||||| |||| 00| 0 spa d |
| 020 ## - INTERNATIONAL STANDARD BOOK NUMBER | |
| International Standard Book Number | 978-607-707-615-5 |
| 040 ## - CATALOGING SOURCE | |
| Original cataloging agency | DO-CoUTE |
| Language of cataloging | spa |
| Transcribing agency | DO-CoUTE |
| 082 ## - DEWEY DECIMAL CLASSIFICATION NUMBER | |
| Edition number | 22 |
| Classification number | 658.5 G216d 2013 |
| 100 1# - MAIN ENTRY--PERSONAL NAME | |
| Personal name | García Márquez, Fausto Pedro |
| Relator term | autor |
| 245 10 - TITLE STATEMENT | |
| Title | Dirección y gestión de la producción : |
| Remainder of title | Una aproximación mediante la simulación / |
| Statement of responsibility, etc. | Fausto Pedro García Márquez |
| 250 ## - EDITION STATEMENT | |
| Edition statement | primera edición |
| 260 ## - PUBLICATION, DISTRIBUTION, ETC. | |
| Place of publication, distribution, etc. | México, DF. : |
| Name of publisher, distributor, etc. | Alfaomega Grupo Editor, |
| Date of publication, distribution, etc. | 2013 |
| 300 ## - PHYSICAL DESCRIPTION | |
| Extent | 340 páginas : |
| Other physical details | Figuras, tablas ; |
| Dimensions | 23x17cm |
| 504 ## - BIBLIOGRAPHY, ETC. NOTE | |
| Bibliography, etc. note | Incluye índice de tablas y referencias bibliográficas |
| 520 ## - SUMMARY, ETC. | |
| Summary, etc. | El libro se ha elaborado en base a los objetivos docentes marcados en el plan Bolonia. En el texto se abordan los aspectos más importantes relacionados con la Dirección y Gestión de la Producción, abarcando con profundidad y detalle, a diferencia de otros textos en esta temática, diversos problemas de gran complejidad. Todo ello se consigue con ‘Una aproximación mediante la simulación’. Inicialmente se describe lo que ha pasado en el sistema productivo en España a lo largo de la historia, haciendo especial hincapié en lo acontecido en estos últimos años. Esto es clave para ayudar al lector a entender de donde se viene y de qué manera. Además describe la situación actual, y con ello se pretende mostrar cuál es la tendencia en la evolución del sistema productivo español a lo largo de los próximos años. Seguidamente se describe con detalle lo relativo al producto y a la producción, que conforman la base del contenido del texto. Es a partir de este capítulo cuando se empieza a describir y a estudiar los temas más destacados en relación a la Gestión y la Dirección de la Producción, como son la logística, la calidad, el mantenimiento, la programación, etc. Cabe destacar que, a diferencia de las clásicas y consagradas referencias bibliográficas sobre este paradigma, aquí se emplean, además de los métodos tradicionales para resolver los problemas, herramientas informáticas que están al alcance de cualquier lector, y que permiten abordar la resolución de problemas de gran complejidad de forma bastante sencilla, empleando siempre claros tutoriales. |
| 650 #7 - SUBJECT ADDED ENTRY--TOPICAL TERM | |
| Source of heading or term | LEMB |
| Topical term or geographic name entry element | Administración de la producción |
| 650 #7 - SUBJECT ADDED ENTRY--TOPICAL TERM | |
| Source of heading or term | LEMB |
| Topical term or geographic name entry element | Administración industrial |
| 942 ## - ADDED ENTRY ELEMENTS (KOHA) | |
| Source of classification or shelving scheme | Dewey Decimal Classification |
| Koha item type | Libros |
| Withdrawn status | Lost status | Source of classification or shelving scheme | Damaged status | Not for loan | Collection code | Home library | Current library | Shelving location | Date acquired | Inventory number | Total Checkouts | Full call number | Barcode | Date last seen | Copy number | Price effective from | Koha item type |
|---|---|---|---|---|---|---|---|---|---|---|---|---|---|---|---|---|---|
| Dewey Decimal Classification | Colección General | Biblioteca UTECO | Biblioteca UTECO | En Estantería | 03/23/2023 | 021930 | 658.5 G216d 2013 | 021930 | 03/23/2023 | Ej.1 | 03/23/2023 | Libros |
